| 000 | 00576nam a2200193Ia 4500 | ||
|---|---|---|---|
| 008 | 131103s9999 xx 000 0 und d | ||
| 020 | _a0-19-501614-9 | ||
| 040 | _aLoreto College | ||
| 041 | _aEnglish | ||
| 082 |
_a808.8/PRI _bLCLIB/28586 |
||
| 100 | _aPrice, Martin | ||
| 245 | 4 |
_aThe restoration and the eighteenth century _cMartin Price |
|
| 260 |
_aNew York _bOxford University press _c1973 |
||
| 300 |
_axv, 800 p. _c 21 cm. |
||
| 504 | _aIncludes bibliographical references and index | ||
| 650 | _aEnglish Literature | ||
| 850 | _aLCLIB/808.8/PRI | ||
| 942 | _cBK | ||
| 999 |
_c20930 _d71409 |
||